Biotechnology in Agriculture and Forestry 6 : Crops II /

Gespeichert in:
Bibliographische Detailangaben
1. Verfasser: Bajaj, Y.P.S (Verfasst von)
Format: Buch
Sprache:Englisch
Veröffentlicht: Berlin : Springer Verlag, 1988
Tags: Tag hinzufügen
Keine Tags, Fügen Sie das erste Tag hinzu!

MARC

LEADER 00000nam a22000003a 4500
001 stu18554
005 20150617225755.8
008 920413s1988----gw------------------eng-d
020 |a 3-540-19064-3 
040 |a STU  |b slo 
041 0 |a eng 
044 |a gw 
080 |a 634.0.2 
100 1 |a Bajaj, Y.P.S  |4 aut 
245 1 |a Biotechnology in Agriculture and Forestry 6 :  |b Crops II /  |c [aut.]Bajaj,Y.P.S 
260 |a Berlin :  |b Springer Verlag,  |c 1988 
300 |a 578 s :  |b Obr.,tab.,grafy,lit.,index 
996 |b C89618  |c C*89618  |l CCVIIIA  |s P  |a 0  |w stu18554_0001